000 01912nam a22002057a 4500
003 OSt
005 20260326102140.0
008 260326b |||||||| |||| 00| 0 esp d
082 _20789918250
100 _aMax Lucado
245 _aÉl escogió los clavos
250 _a1ra edicion
260 _amiami
_b Editorial Unilit / Spanish House
_c2011
300 _a224 páginas.
_bpapel bond económico,
_c10.8 x 1.3 x 17.1 cm
490 _3Tapa blanda
520 _a El simbolismo de los objetos Cada capítulo toma un elemento de la Pasión y explica qué significa para nosotros hoy: Los clavos: Representan el perdón de los pecados. Lucado explica que Dios no solo clavó las manos de Jesús, sino también nuestra "lista de deudas" pendientes. La corona de espinas: Simboliza que Jesús llevó sobre sí nuestros pensamientos pecaminosos, la ansiedad y el orgullo. La túnica (sin costura): Refleja la integridad de Cristo y cómo Él nos viste con su justicia, en lugar de nuestros propios "trapos" sucios. El letrero (INRI): Demuestra que el mensaje de Dios es para todos los idiomas y naciones, sin exclusión. Una invitación personal El tema central es que Dios tuvo el control en todo momento. Lucado argumenta que Jesús no fue una víctima de las circunstancias; Él "escogió" los clavos. Pudo haberse bajado de la cruz, pero se quedó allí por amor. El enfoque de la "Serie Favoritos" Como esta edición pertenece a la serie Favoritos, el lenguaje es sumamente sencillo, directo y lleno de anécdotas cotidianas que hacen que la teología sea fácil de entender para cualquier lector.
650 _aTérmino: Jesucristo — Pasión. Término alternativo: Vida cristiana. Nombre geográfico (si aplica): Jerusalén.
_xSubdivisión: — Aspectos religiosos — Cristianismo. Subdivisión de forma: — Meditaciones
_yPeriodo: — Siglo I
700 _a Lucado, Max.
942 _2ddc
_cBK
_n0
999 _c2029
_d2029